Historia de Roma / (Record no. 2143)

000 -CABECERA
fixed length control field 01089nam a22002657a 4500
003 - IDENTIFICADOR DEL NÚMERO DE CONTROL
control field AR-CdUCM
008 - DATOS DE LONGITUD FIJA--INFORMACIÓN GENERAL
fixed length control field 190304b ||||| |||| 00| 0 spa d
040 ## - FUENTE DE LA CATALOGACIÓN
Agencia/entidad que catalogó originalmente la obra MUNICIPALIDAD PROVINCIAL DEL CUSCO
Entidad que transcribió la catalogación BIBLIOTECA MUNICIPAL DEL CUSCO
082 ## - NÚMERO DE LA CLASIFICACIÓN DECIMAL DEWEY
No. de Clasificación 937 /
Notacion interna AL46
100 ## - ENTRADA PRINCIPAL--NOMBRE DE PERSONA
Nombre Personal Altheim, Franz
245 ## - MENCIÓN DE TÍTULO
Título Historia de Roma /
260 ## - PUBLICACIÓN, DISTRIBUCIÓN, ETC.
Lugar de publicación, distribución, etc. México D. F. :
Nombre de la editorial, distribuidor, etc. UTEHA,
Fecha de publicación, distribución, etc. 1961.
300 ## - DESCRIPCIÓN FÍSICA
Nº de Páginas Extensión 2 tomos ;
Dimensiones 17 cm.
440 ## - MENCIÓN DE SERIE/PUNTO DE ACCESO ADICIONAL--TÍTULO
Título Manuales UTEHA.
Número de la parte/sección de una obra 46-47
9 (RLIN) 7723
440 ## - MENCIÓN DE SERIE/PUNTO DE ACCESO ADICIONAL--TÍTULO
Título Historia.
Número de la parte/sección de una obra 10
9 (RLIN) 7724
505 ## - NOTA DE CONTENIDO CON FORMATO
Nota de contenido formateada Contenido: t.1 : La Italia prerromana -- Las formas itálicas y romana -- La Roma primitiva -- Patricidio y plebe -- Decadencia y resurgimiento ... t.2 : Crisis -- Fin de la República -- Ciudad e Imperio -- El poder personal de César -- "Consensus universorum".
650 ## - PUNTO DE ACCESO ADICIONAL DE MATERIA--TÉRMINO DE MATERIA
Descriptor Historia
9 (RLIN) 136
650 ## - PUNTO DE ACCESO ADICIONAL DE MATERIA--TÉRMINO DE MATERIA
Descriptor Italia prerromana
9 (RLIN) 7725
650 ## - PUNTO DE ACCESO ADICIONAL DE MATERIA--TÉRMINO DE MATERIA
Descriptor Siglo II
9 (RLIN) 7726
700 ## - PUNTO DE ACCESO ADICIONAL--NOMBRE DE PERSONA
Nombre Personal Geschichte, Römische (traducción)
9 (RLIN) 7727
942 ## - ELEMENTOS DE PUNTO DE ACCESO ADICIONAL (KOHA)
Fuente de clasificación
Tipo de item Libros-BMC
945 ## - PROCESAMIENTO DE INFORMACIÓN LOCAL (OCLC)
Catalogador achl
Holdings
Estado de retiro (separado) Fuente de clasificación o esquema de estanterías Estado dañado Ubicación Sala donde se ubica Nombre de la colección Fecha de adquisición o compra Costo, precio normal en soles Signatura topográfica Código de Barras Última vez visto (Koha) Tipo de ítem (Koha)
No     Sala Humanidades Sala Humanidades Book Cart 2019-03-04 20.00 937 / AL46 / t.1 SH0000002233 2019-03-04 Libros-BMC
No     Sala Humanidades Sala Humanidades Book Cart 2019-03-05 20.00 937 / AL46 / t.2 SH0000003138 2019-03-05 Libros-BMC

Powered by Koha